Регионална библиотека "Любен Каравелов" - Русе

Избрани произведения (Запис номер 136807)

MARC детайли
000 -Лидер
Контролно поле с фиксирана дължина 01856nam a2200349 c 4500
003 - Код на организацията, давaща контролен номер
Контролно поле BLK
005 - Дата и час на последна редакция
Контролно поле 20241009005439.0
008 - Елементи от данни с фиксирана дължина
fixed length control field 180409b bul|||||r ||||||| ||bul||
010 ## - Наследен системен номер
LC control number KNG00142764000
040 ## - Източник на каталожния запис
Идентификатор на билиотеката - собственик на записа BLK
041 ## - Код за език
Код за езика на текст/звукозапис или на отделно заглавие Български
Код за езика КДБФ Български
080 ## - УДК
Текстов определител УДК Българска литература
УДК код - определител по УДК 821.163.2
УДК определител (081.2)
УДК - код + определител 821.163.2(081.2)
080 ## - УДК
Текстов определител УДК Българска литература
УДК код - определител по УДК 821.163.2
УДК определител -1
УДК - код + определител 821.163.2-1
100 1# - Редна дума - Автор
Автор Разцветников, Асен
Дати, свързани с автора 1897 - 1951
Пълна форма на името Коларов, Асен Петков
Авторска отговорност първи автор
Автор - информация (биография) Коларов, Асен Петков
R(LIN) 114515
139 ## - Редно поле
Редна дума Разцветников, Асен
Авторски знак Разц - Р 26
245 10 - Сведения за заглавието
Заглавие Избрани произведения
Подзаглавни данни В 3 т.
Редно поле (дума) Асен Разцветников; под ред. на Георги Цанев; предг. и ред. на том Георги Цанев; * Асен Петков Коларов.
Том Т. 1
Заглавие на том Стихотворения
257 ## - Страна на издаване
Страна на създаване/издаване България
260 ## - Област на издателските данни
-- София
Име на издателя, разпространителя и проч. Бълг. писател
Година на издаване 1963 -
300 ## - Физическа характеристика
Размери/Мащаб 25 см
380 ## - Жанр
Жанр Худож. лит.
500 ## - Общи забележки
Забележка Асен Разцветников е псевд. на Асен Петков Коларов. - 8 100 тир.
700 1# - Други автори (авторска отговорност)
Лично име Цанев, Георги
Автороска отговорност (Описва отношението между автора и произведението) под ред. на
Друга информация Ангелов, Георги Цанев
9 (RLIN) 367849
700 1# - Други автори (авторска отговорност)
Лично име Цанев, Георги
Автороска отговорност (Описва отношението между автора и произведението) предг. и ред. на том
Друга информация Ангелов, Георги Цанев
9 (RLIN) 367849
700 1# - Други автори (авторска отговорност)
Лично име Коларов, Асен Петков
Автороска отговорност (Описва отношението между автора и произведението) *
9 (RLIN) 366358
760 1# - Описание на основната серия
Редна дума на основното описание Разцветников, Асен
Място на издаване, издател и година 1963
Страници - том 352 с. : 1 л. портр., 1 л. факс.
Заглавие Т. 1 Стихотворения
852 ## - Местоположение
Форматна сигнатура Цб 28353
856 4# - Електронен адрес и достъп
Електронен формат pdf - файл
Път до файла /url/
856 4# - Електронен адрес и достъп
Електронен формат pdf - файл
Път до файла /url/
942 ## - АРТИКУЛИ
Вид на библиотечния материал Книги
Скрит в OPAC Не
944 ## - СЪЗДАВАНЕ И РЕДАКЦИЯ на ЗАПИСА
Създаване/Редакция Създаване
Дата на регистрацията/редакция 16.05.2013
Статус, дата на статуса CRON CRON
Служител, извършил регистрацията/редакцията
944 ## - СЪЗДАВАНЕ И РЕДАКЦИЯ на ЗАПИСА
Създаване/Редакция Редакция
Дата на регистрацията/редакция 29.10.2015
Статус, дата на статуса 16.05.2013 - от С1,Р / 16.05.2013
Служител, извършил регистрацията/редакцията Виолета_Тройчева
999 ## - СИСТЕМНИ КОНТРОЛНИ НОМЕРА
Koha biblionumber 136807
Koha biblioitemnumber 136807
Наличности
Код за отписване Код за изгубен артикул Източник на класификационната схема Код за повреда Коз за рестрикции Код за отдаване Артикулен № Име на библиотеката - собственик Име на библиотеката, в която се намира в момента Статус (Текущо местоположение) Дата на вписване в системата Местоположение - отдел Цена в лева Инвентарен номер Систематично азбучна сигнатура Баркод Номер на екземпляра Цена в евро Служебна бележка Служебен тип на артикула
  Не е изгубен Universal Decimal Classification Не е повреден само за читалня ползва се в читалня 223746 Регионална библиотека "Любен Каравелов" Русе Регионална библиотека "Любен Каравелов" Русе Хранилище 1963-01-01 Хранилище 1.12 15836/63 Цб 28353 900000092247 1 0.57 Дост: Dp Вид: Д N: стар фонд Дата: 01.01.1963 Книги
Изтеглен Не е изгубен Universal Decimal Classification Не е повреден без рестрикции заемане за дома 223747 Регионална библиотека "Любен Каравелов" Русе Регионална библиотека "Любен Каравелов" Русе Заемна - подръчен фонд 1963-01-01 Заемна - подръчен фонд 0.00 370/64 П 886.7(081)/Р 26 370/64 2 0.00 Дост: Pk Вид: Ф N: стар фонд Дата: 01.01.1963 Книги
Изтеглен Не е изгубен Universal Decimal Classification Не е повреден без рестрикции заемане за дома 223748 Регионална библиотека "Любен Каравелов" Русе Регионална библиотека "Любен Каравелов" Русе Заемна - подръчен фонд 1963-01-01 Заемна - подръчен фонд 0.00 372/64 П 886.7(081)/Р 26 372/64 3 0.00 Дост: Pk Вид: Ф N: стар фонд Дата: 01.01.1963 Книги
Изтеглен Не е изгубен Universal Decimal Classification Не е повреден без рестрикции заемане за дома 223749 Регионална библиотека "Любен Каравелов" Русе Регионална библиотека "Любен Каравелов" Русе Заемна - подръчен фонд 1963-01-01 Заемна - подръчен фонд 0.00 373/64 П 886.7(081)/Р 26 373/64 4 0.00 Дост: Pk Вид: Ф N: стар фонд Дата: 01.01.1963 Книги
Изтеглен Не е изгубен Universal Decimal Classification Не е повреден без рестрикции заемане за дома 223750 Регионална библиотека "Любен Каравелов" Русе Регионална библиотека "Любен Каравелов" Русе Детски отдел 1963-01-01 Детски отдел 0.92 1258/64 ДХ 886.7/Р 26 900000103258 5 0.47 Вид: Сф N: стар фонд Дата: 01.01.1963 Дата инв: 29.10.2015 Бележки инв: Д2015 Книги
Vip Innovations Ltd, Rousse, Bulgaria 2025